| 000 | 00382nab a22001097u 4500 | ||
|---|---|---|---|
| 008 | 130520b2003 xxu||||| |||| 00| 0 eng d | ||
| 041 | _aeng | ||
| 100 | 1 |
_aMoberly, R. W. L. _947527 |
|
| 245 | 0 | 0 |
_aPreaching for a response? Jonah's message to the Ninevites reconsidered _cR. W. L. Moberly |
| 773 | 0 |
_tVetus Testamentum _gV.53, nº2,2003,págs. 156-168 _x0042-4935 _wRev490 |
|
| 942 | _cAR | ||
| 999 |
_c299267 _d299267 |
||